| 000 | 00430nam a22001697a 4500 | ||
|---|---|---|---|
| 003 | MPLRDC | ||
| 005 | 20220104142950.0 | ||
| 008 | 210129b ||||| |||| 00| 0 eng d | ||
| 020 | _a978-967-334-099-6 | ||
| 082 | _a868.71 LYL | ||
| 100 | _a刘育龙 主编 | ||
| 245 |
_a寻声记 _c |
||
| 260 |
_a马来西亚 _b马来亚文化事业有限公司 _c2009 |
||
| 300 | _b171 | ||
| 650 | _a马华文学 | ||
| 942 |
_cBK _o868.71 LYL |
||
| 999 |
_c35340 _d35330 |
||